[Event "III Torneo A Natale Vomero"]
[Site "Napoli ITA"]
[Date "2006.11.30"]
[Round "4"]
[White "Esposito, Rosario"]
[Black "De Rosa, Francesco"]
[Result "0-1"]
[WhiteElo "1700"]
[BlackElo "1949"]
[PlyCount "91"]
[EventDate "2006.11.09"]

1. d4 Nf6 2. c4 c5 3. d5 e6 4. Nc3 exd5 5. cxd5 d6 6. e4 g6 7. f4 Bg7 8. Bb5+
Nfd7 9. Nf3 a6 10. Bd3 O-O 11. O-O b5 12. Be3 Re8 13. Qe2 Nb6 14. Rae1 b4 15.
Nd1 N8d7 16. Qc2 Nf6 17. Bd2 Bd7 18. Ne3 a5 19. e5 Nfxd5 20. Nxd5 Nxd5 21. exd6
Qb6 22. Bc4 Be6 23. d7 Red8 24. Ng5 Bf5 25. Re8+ Rxe8 26. dxe8=Q+ Rxe8 27. Qa4
Rf8 28. Bxd5 c4+ 29. Kh1 Qd4 30. Bxf7+ Kh8 31. Bxb4 axb4 32. Qxb4 h6 33. Nf3
Qxb2 34. Qxb2 Bxb2 35. Bxc4 Rc8 36. Ne5 Bxe5 37. fxe5 Rxc4 38. Re1 Be6 39. Kg1
Kg7 40. Kf1 Rc2 41. a3 Kf7 42. Ra1 Bc4+ 43. Kg1 Bd5 44. g3 Rg2+ 45. Kf1 Rxh2
46. Re1 {...} 0-1

[Event "III Torneo A Natale Vomero"]
[Site "Napoli ITA"]
[Date "2006.11.30"]
[Round "4"]
[White "Monti, Riccardo"]
[Black "Pinto, Gaetano"]
[Result "1/2-1/2"]
[WhiteElo "1771"]
[BlackElo "2007"]
[PlyCount "49"]
[EventDate "2006.11.09"]

1. e4 e6 2. d4 d5 3. Nd2 dxe4 4. Nxe4 Nd7 5. Nf3 Ngf6 6. Nc3 Be7 7. Bc4 a6 8.
a3 c5 9. dxc5 Nxc5 10. Qe2 b5 11. Ba2 Bb7 12. Be3 Qc7 13. O-O O-O 14. h3 Rad8
15. Rfd1 Rxd1+ 16. Rxd1 Rd8 17. Rxd8+ Qxd8 18. Bf4 Nd5 19. Nxd5 Bxd5 20. c4
Bxc4 21. Bxc4 bxc4 22. Qxc4 Qd1+ 23. Kh2 Qd3 24. Ne5 Qxc4 25. Nxc4 1/2-1/2

[Event "III Torneo A Natale Vomero"]
[Site "Napoli ITA"]
[Date "2006.11.30"]
[Round "4"]
[White "Rosato, Luciano"]
[Black "Di Giulio, Massimo"]
[Result "1-0"]
[WhiteElo "2230"]
[BlackElo "2015"]
[PlyCount "117"]
[EventDate "2006.11.09"]

1. d4 Nf6 2. c4 g6 3. Nc3 Bg7 4. e4 d6 5. Nf3 O-O 6. Be2 e5 7. O-O Nc6 8. d5
Ne7 9. Ne1 Ne8 10. Nd3 f5 11. Bd2 Nf6 12. f3 f4 13. g4 fxg3 14. hxg3 Nh5 15.
Kg2 Nf6 16. Rh1 a5 17. Qc1 Rf7 18. c5 b6 19. cxd6 cxd6 20. Nf2 Ba6 21. Bxa6
Rxa6 22. Nb5 Ne8 23. Be3 Nc8 24. Bg5 Bf6 25. Bxf6 Nxf6 26. Qg5 Qd7 27. a4 Na7
28. Rac1 Nxb5 29. axb5 Ra8 30. Rc6 Rc8 31. Rhc1 Rxc6 32. Rxc6 Qd8 33. Ng4 Kg7
34. Nxf6 Rxf6 35. Qe3 Rf7 36. Qxb6 Qg5 37. Qf2 h5 38. b6 h4 39. Rc7 hxg3 40.
Rxf7+ Kxf7 41. Qc2 Qh4 42. Kg1 Qf6 43. Qc3 Qh4 44. Qd2 Qd8 45. Qxa5 Qh4 46. Qd2
Qd8 47. b4 Qxb6+ 48. Kg2 Qd8 49. Kxg3 Qb6 50. Kg2 Qb5 51. Kf2 Qb6+ 52. Ke2 Qb5+
53. Ke3 Kf6 54. Qc3 Qf1 55. Qb3 Qc1+ 56. Ke2 Qg1 57. b5 Qb6 58. Qc4 Qa5 59. Kd1
1-0

[Event "III Torneo A Natale Vomero"]
[Site "Napoli ITA"]
[Date "2006.12.07"]
[Round "5"]
[White "De Rosa, Francesco"]
[Black "Rosato, Luciano"]
[Result "0-1"]
[WhiteElo "1949"]
[BlackElo "2230"]
[PlyCount "86"]
[EventDate "2006.11.09"]

1. d4 Nf6 2. c4 g6 3. Nc3 Bg7 4. e4 d6 5. Nf3 O-O 6. Be2 e5 7. O-O Nc6 8. d5
Ne7 9. b4 Nh5 10. Re1 Nf4 11. Bf1 h6 12. c5 g5 13. Nd2 f5 14. cxd6 cxd6 15. Nc4
Kh8 16. g3 Nfg6 17. Qh5 f4 18. Nb5 Rf6 19. a4 Ng8 20. a5 Bf8 21. Be2 Bd7 22.
Nc3 Rc8 23. b5 Kg7 24. Bb2 f3 25. Bf1 Rxc4 26. Bxc4 Qc8 27. Qxg6+ Kxg6 28. Bd3
Bh3 29. Rec1 Bg2 30. Nd1 Qh3 31. Ne3 Rf7 32. Rc2 h5 33. b6 axb6 34. axb6 h4 35.
Ra7 hxg3 36. fxg3 Rh7 37. Nf1 Nf6 38. Ra8 Be7 39. Rb8 Ng4 40. Rxb7 f2+ 41. Rxf2
Nxf2 42. Rxe7 Rxe7 43. Kxf2 Rf7+ 0-1

[Event "III Torneo A Natale Vomero"]
[Site "Napoli ITA"]
[Date "2006.12.14"]
[Round "6"]
[White "Rosato, Luciano"]
[Black "Altieri, Danilo Mario"]
[Result "1-0"]
[WhiteElo "2230"]
[BlackElo "1974"]
[PlyCount "133"]
[EventDate "2006.11.09"]

1. d4 d5 2. c4 c6 3. Nf3 e6 4. cxd5 exd5 5. Nc3 Bd6 6. Bg5 Nf6 7. e3 Bf5 8. Qb3
Qb6 9. Qxb6 axb6 10. Bxf6 gxf6 11. Nh4 Be6 12. Bd3 Na6 13. Nf5 Bxf5 14. Bxf5
Nc7 15. O-O Ne6 16. a3 O-O 17. Rfe1 Rfe8 18. Rad1 Ng7 19. Bc2 f5 20. g3 b5 21.
Ra1 Ra7 22. Ne2 h6 23. Kg2 Kf8 24. Ng1 Ke7 25. f3 Kd7 26. f4 Raa8 27. Nf3 Ke6
28. h3 Rg8 29. Kf2 h5 30. Rg1 Be7 31. Nh4 Raf8 32. Nf3 Ne8 33. a4 b4 34. Ne5 f6
35. Nd3 Rg7 36. Bd1 Rh8 37. a5 Nc7 38. Be2 Rgg8 39. Ne1 Ra8 40. Nf3 Ne8 41.
Rgc1 Kd7 42. Nh4 Ng7 43. Bd3 Ra7 44. Nxf5 Nxf5 45. Bxf5+ Kc7 46. h4 Rha8 47.
Bg6 Rxa5 48. Rxa5 Rxa5 49. Bxh5 Ra2 50. Rc2 Kd7 51. Bg6 Ke6 52. g4 Ra1 53. h5
Bf8 54. Kg2 Re1 55. Kf3 Rf1+ 56. Ke2 Rg1 57. Bf5+ Kd6 58. Kf2 Rh1 59. b3 Ra1
60. g5 fxg5 61. fxg5 Rh1 62. h6 Be7 63. g6 Rh4 64. Bd3 Ke6 65. g7 Rh2+ 66. Kg3
Rxc2 67. g8=Q+ 1-0

[Event "Open Autunno"]
[Site "Ceriano Laghetto ITA"]
[Date "2006.11.07"]
[Round "1"]
[White "Clerici, Samuele"]
[Black "Viale, Fabio"]
[Result "1/2-1/2"]
[WhiteElo "1431"]
[BlackElo "1688"]
[PlyCount "144"]
[EventDate "2006.11.07"]

1. e4 c5 2. Nf3 Nc6 3. c3 d5 4. e5 Bg4 5. d4 e6 6. Be2 Qb6 7. O-O cxd4 8. Nxd4
Bxe2 9. Qxe2 Nge7 10. Be3 Qc7 11. f4 Nf5 12. Nxf5 exf5 13. Nd2 g6 14. Nf3 O-O-O
15. Rac1 Kb8 16. Nd4 Nxd4 17. cxd4 Qa5 18. Qc2 Be7 19. a3 Rc8 20. Qd2 Qa4 21.
Rxc8+ Rxc8 22. Rc1 Rxc1+ 23. Qxc1 Qb3 24. Kf2 a6 25. Bd2 Qb6 26. Bc3 h5 27. Qd1
Qb5 28. Qc2 Ka7 29. Qe2 Qb3 30. e6 fxe6 31. Qxe6 Qc2+ 32. Qe2 Qe4 33. Qe3 Bd6
34. Qxe4 dxe4 35. Ke3 Kb6 36. g3 Kb5 37. Kd2 a5 38. Kc2 Ka4 39. Bd2 Bc7 40. Kc3
Bd6 41. Kc4 b5+ 42. Kc3 b4+ 43. axb4 Bxb4+ 44. Kc2 Bd6 45. b3+ Kb5 46. Kc3 Bb4+
47. Kc2 Be7 48. Kc3 h4 49. Kc2 hxg3 50. hxg3 Bd8 51. Kc3 a4 52. bxa4+ Kxa4 53.
Kc4 Bb6 54. Bc1 Ba5 55. d5 Bb6 56. d6 Ka5 57. Bd2+ Ka6 58. Be1 Kb7 59. Kd5 Kc8
60. Ke6 Kd8 61. Kf6 Kd7 62. Kxg6 Ke6 63. Kg5 e3 64. g4 fxg4 65. Kxg4 Kxd6 66.
Kf3 Ke6 67. Ke4 Kf6 68. f5 Kf7 69. Kf3 Bd4 70. Ke4 Bb6 71. Kf3 Kf6 72. Kf4 Kf7
1/2-1/2

[Event "Open Autunno"]
[Site "Ceriano Laghetto ITA"]
[Date "2006.11.07"]
[Round "1"]
[White "Colombo, Fabio"]
[Black "Bertuolo, Sergio"]
[Result "1-0"]
[WhiteElo "1793"]
[BlackElo "1511"]
[PlyCount "90"]
[EventDate "2006.11.07"]

1. e4 e6 2. d4 d5 3. e5 c5 4. c3 Nc6 5. Nf3 Qb6 6. Na3 a6 7. Nc2 cxd4 8. Ncxd4
Nxd4 9. Nxd4 Qc7 10. Qa4+ Qd7 11. Bb5 axb5 12. Qxa8 Bc5 13. Nf3 Ne7 14. Bf4 Nc6
15. b4 Bb6 16. a4 O-O 17. axb5 Ne7 18. Qa4 Qc7 19. Rc1 Qc4 20. Bg3 Qe4+ 21. Kd2
Bd7 22. Rhe1 Qc4 23. Nd4 Bxd4 24. cxd4 Qxd4+ 25. Ke2 Nf5 26. Kf1 Qd3+ 27. Kg1
Bxb5 28. Qa5 Nd4 29. Rcd1 Qc3 30. Re3 Ne2+ 31. Kh1 Qc6 32. Qa7 b6 33. Ra3 Rc8
34. Qe7 Re8 35. Qg5 Qc2 36. Rda1 Bc6 37. Bh4 d4 38. Qg4 d3 39. Bf6 g6 40. h3 d2
41. Qxe2 Qc1+ 42. Kh2 Qc2 43. Rd3 Qb2 44. Rd1 Qxb4 45. Qxd2 Bd5 1-0

[Event "Open Autunno"]
[Site "Ceriano Laghetto ITA"]
[Date "2006.11.07"]
[Round "1"]
[White "D'Odorico, Roberto"]
[Black "Lapiccirella, Daniele"]
[Result "0-1"]
[WhiteElo "1554"]
[BlackElo "2153"]
[PlyCount "74"]
[EventDate "2006.11.07"]

1. c4 c6 2. Nc3 d5 3. cxd5 cxd5 4. d4 Nf6 5. g3 Nc6 6. Nf3 Ne4 7. Qb3 e6 8. a3
Be7 9. Bg2 O-O 10. O-O b6 11. Qc2 Nxc3 12. Qxc3 Na5 13. Qd3 Nc4 14. b3 Nd6 15.
Bf4 a5 16. Ne5 Ba6 17. Qd2 Bb7 18. Rfc1 Qe8 19. Rc7 Bd8 20. Rc2 f6 21. Nd3 Ne4
22. Qc1 Be7 23. f3 Nd6 24. Bh3 f5 25. Qe3 Rf6 26. Rc7 Ba6 27. Ne5 Nb5 28. Rc6
Bxa3 29. Bg5 Rf8 30. Rxb6 Bb4 31. Nd3 Bc3 32. Qxe6+ Qxe6 33. Rxe6 Bxa1 34. e3
Nxd4 35. exd4 Bxd3 36. Be3 Rae8 37. Re5 Rxe5 0-1

[Event "Open Autunno"]
[Site "Ceriano Laghetto ITA"]
[Date "2006.11.07"]
[Round "1"]
[White "Lapiccirella, Mattia"]
[Black "Greco, Umberto"]
[Result "0-1"]
[WhiteElo "2237"]
[BlackElo "1575"]
[PlyCount "205"]
[EventDate "2006.11.07"]

1. d4 d5 2. Nf3 Nf6 3. c4 c6 4. e3 Bf5 5. Nc3 e6 6. Nh4 Bg4 7. Qb3 Qc7 8. h3
Bh5 9. g4 Bg6 10. Nxg6 hxg6 11. Bg2 Nbd7 12. Bd2 Be7 13. O-O-O O-O-O 14. Kb1
Qb6 15. f4 Qxb3 16. axb3 Nb8 17. c5 Na6 18. Be1 Nd7 19. Bf1 Nc7 20. g5 Rde8 21.
Bd3 Bd8 22. b4 a6 23. Ne2 Rh7 24. Ng3 Reh8 25. h4 Nf8 26. h5 Kb8 27. Bd2 Nb5
28. Rdg1 Na7 29. hxg6 Rxh1 30. Rxh1 Rxh1+ 31. Nxh1 Nxg6 32. Ng3 Ne7 33. Nh5 g6
34. Nf6 Kc8 35. Ne8 Bc7 36. Nxc7 Kxc7 37. Kc2 Kd7 38. Kb3 Kc7 39. Be1 Nec8 40.
Bg3 Kd7 41. Be2 Ke7 42. Bd3 Kd7 43. Bc2 Ke7 44. Bh4 Kd7 45. Bd3 Kc7 46. Bg3 Kd7
47. Be2 Ke7 48. Bd3 Kd7 49. Bc2 Ke7 50. Bd3 Nb5 51. Bf2 Nc7 52. Bg3 Ne8 53. Bf2
Ng7 54. Be1 Nh5 55. Ka4 Kd7 56. Kb3 Ne7 57. Kc2 Ng7 58. Kd2 Nef5 59. Ke2 Kc7
60. Kf3 Ne7 61. Ke2 Nh5 62. Kf3 Kd7 63. Ke2 Nf5 64. Kf3 Ke7 65. Bf2 Nhg7 66.
Be1 Ne8 67. Bd2 Nc7 68. Be1 Kd7 69. Bf2 Kc8 70. Be1 Kb8 71. Ke2 Ka7 72. Kf3 b6
73. Ke2 bxc5 74. bxc5 Nb5 75. Ba5 Kb7 76. Be1 Ne7 77. Ba5 Kc8 78. Be1 Kd7 79.
Bf2 Nf5 80. Be1 Ke7 81. Ba5 Kf8 82. Be1 Ke8 83. Ba5 Ke7 84. Bxf5 exf5 85. Kd3
f6 86. gxf6+ Kxf6 87. Kc2 g5 88. Bd8+ Kg6 89. Bxg5 Kh5 90. Kd3 Kg4 91. Ke2 Nc7
92. Bd8 Nb5 93. Ba5 Kg3 94. Be1+ Kg2 95. Bh4 Na7 96. Bd8 Nb5 97. Bb6 Kg3 98.
Ba5 Na7 99. Bb6 Nc8 100. Bd8 Kg4 101. Kd3 Kf3 102. Kd2 Na7 103. Kd3 $138 0-1

[Event "Open Autunno"]
[Site "Ceriano Laghetto ITA"]
[Date "2006.11.07"]
[Round "1"]
[White "Mingolla, Patrizio"]
[Black "Gallavotti, Eugenio"]
[Result "0-1"]
[WhiteElo "1449"]
[BlackElo "1715"]
[PlyCount "134"]
[EventDate "2006.11.07"]

1. e4 c5 2. Nf3 a6 3. d4 cxd4 4. Nxd4 Nf6 5. Nc3 e5 6. Nf3 Bb4 7. Qd3 d5 8.
exd5 e4 9. Qe3 O-O 10. Nd4 Qxd5 11. Bd2 Bxc3 12. Qxc3 Bg4 13. Bc4 Qd6 14. h3
Be6 15. Bxe6 fxe6 16. O-O Nbd7 17. Qe3 Ne5 18. a3 Rfd8 19. Nb3 Nc4 20. Bb4 Nxe3
21. Bxd6 Nxf1 22. Be7 Rd7 23. Bxf6 gxf6 24. Kxf1 Rad8 25. Ke2 b6 26. a4 a5 27.
Rf1 Rc8 28. c3 Rc4 29. Nd4 Rxa4 30. Nxe6 Rd6 31. Nd4 Ra2 32. Rb1 a4 33. Ke3 a3
34. bxa3 Kf7 35. g4 Kg6 36. f3 exf3 37. Kxf3 Rd2 38. Rc1 Rd8 39. h4 Rc8 40. h5+
Kf7 41. Ke3 Ra2 42. Nb5 Rc5 43. Rb1 Re5+ 44. Kf4 Rf2+ 45. Kg3 Ree2 46. Nd6+ Kf8
47. Rxb6 Rg2+ 48. Kf3 Ref2+ 49. Ke4 Rxg4+ 50. Ke3 Rh2 51. Rb8+ Ke7 52. Nf5+ Kd7
53. Rb7+ Kc8 54. Rxh7 Rh3+ 55. Kf2 Rxc3 56. Ne7+ Kd8 57. Nd5 Rxa3 58. Nxf6 Rf4+
59. Kg2 Rxf6 60. Rg7 Ke8 61. Rb7 Kf8 62. Kh2 Kg8 63. Kg2 Kh8 64. Kh2 Rf2+ 65.
Kg1 Rc2 66. Rb1 Kh7 67. Kh1 Kh6 0-1

[Event "Open Autunno"]
[Site "Ceriano Laghetto ITA"]
[Date "2006.11.07"]
[Round "1"]
[White "Mondini, Francesco"]
[Black "Regorda, Massimiliano"]
[Result "0-1"]
[WhiteElo "1523"]
[BlackElo "1862"]
[PlyCount "68"]
[EventDate "2006.11.07"]

1. e4 e5 2. Nf3 Nc6 3. Bc4 Be7 4. Nc3 Nf6 5. a3 O-O 6. d3 d6 7. h3 Be6 8. Nd5
h6 9. Be3 Qd7 10. c3 Nd8 11. Bb3 c6 12. Nxe7+ Qxe7 13. Bc2 c5 14. Qd2 Nc6 15.
g4 d5 16. Qe2 Rfd8 17. Nh4 Nxe4 18. Nf5 Bxf5 19. gxf5 Nf6 20. O-O-O d4 21. Bd2
dxc3 22. bxc3 c4 23. Kb2 cxd3 24. Bxd3 Rd5 25. Bc4 Ra5 26. Ra1 e4 27. Rhg1 Kh8
28. f3 Rxf5 29. Qg2 g5 30. fxe4 Qxe4 31. Bxf7 Rb5+ 32. Kc1 Ne5 33. Bxg5 Nd3+
34. Kd1 Rxg5 0-1

[Event "Open Autunno"]
[Site "Ceriano Laghetto ITA"]
[Date "2006.11.07"]
[Round "1"]
[White "Regorda, Vittorio"]
[Black "Megassini, Stefano"]
[Result "1/2-1/2"]
[WhiteElo "1885"]
[BlackElo "1527"]
[PlyCount "59"]
[EventDate "2006.11.07"]

1. c4 Nf6 2. Nc3 d6 3. d4 g6 4. e4 Bg7 5. f3 O-O 6. Be3 b6 7. Qd2 Nbd7 8. O-O-O
c5 9. Nge2 a6 10. g4 b5 11. Ng3 cxd4 12. Bxd4 bxc4 13. g5 Ne8 14. h4 Ne5 15.
Be2 Nd3+ 16. Bxd3 Bxd4 17. Bxc4 Be5 18. f4 Bxc3 19. Qxc3 Bg4 20. Rd2 Rc8 21.
Kb1 Be6 22. b3 Qb6 23. Ka1 Ng7 24. h5 Nxh5 25. Nxh5 gxh5 26. Rxh5 Qg1+ 27. Kb2
Bxc4 28. Rdh2 Bd3 29. Qh8+ Kxh8 30. Rxh7+ 1/2-1/2

[Event "Open Autunno"]
[Site "Ceriano Laghetto ITA"]
[Date "2006.11.07"]
[Round "1"]
[White "Tomasetto, Mauro"]
[Black "Monticelli, Francesco"]
[Result "1-0"]
[WhiteElo "1641"]
[BlackElo "1431"]
[PlyCount "103"]
[EventDate "2006.11.07"]

1. d4 d5 2. c4 e6 3. Nc3 Nf6 4. cxd5 exd5 5. Bg5 Be7 6. e3 c6 7. Bd3 Na6 8. a3
b5 9. Nge2 Nc7 10. O-O Ne6 11. Bh4 Qc7 12. Qc2 Ng4 13. Bg3 Bd6 14. Bf5 Nf6 15.
Rac1 a6 16. f3 Bxg3 17. Nxg3 g6 18. Bd3 c5 19. dxc5 Qxc5 20. Qd2 Qb6 21. Kh1
Bb7 22. e4 d4 23. Nce2 Rd8 24. Rc2 Nc5 25. e5 Nd5 26. Nxd4 Nxd3 27. Qxd3 Nf4
28. Qe3 Rxd4 29. Rd2 Ne6 30. Ne2 O-O 31. Rxd4 Nxd4 32. Qxd4 Qc7 33. Rc1 Qe7 34.
Kg1 Rd8 35. Qe3 Rd5 36. f4 f6 37. Nc3 Rc5 38. Re1 f5 39. Rd1 a5 40. Rd6 b4 41.
Qxc5 bxc3 42. b3 a4 43. Rxg6+ Kf7 44. Qxe7+ Kxe7 45. Rg7+ Ke6 46. Rxb7 h5 47.
Rb4 Kd5 48. Rxa4 h4 49. Rb4 Ke6 50. a4 Kd5 51. a5 Kc6 52. a6 1-0

[Event "Open Autunno"]
[Site "Ceriano Laghetto ITA"]
[Date "2006.11.14"]
[Round "2"]
[White "Bertuolo, Sergio"]
[Black "Mingolla, Patrizio"]
[Result "1-0"]
[WhiteElo "1511"]
[BlackElo "1449"]
[PlyCount "73"]
[EventDate "2006.11.07"]

1. e4 c5 2. Nf3 Nc6 3. d4 cxd4 4. Nxd4 e6 5. Be3 a6 6. a4 Nf6 7. Nd2 Be7 8. Be2
Qc7 9. f4 e5 10. Nf5 exf4 11. Bf2 g6 12. Nh6 d6 13. O-O Bf8 14. Bh4 Bxh6 15.
Bxf6 Rg8 16. Kh1 Be6 17. Bc4 Rc8 18. Bxe6 fxe6 19. Nc4 Kd7 20. e5 d5 21. Nd6
Rcf8 22. Nc4 Na5 23. Nxa5 Qxa5 24. Qd4 Rc8 25. c3 Qc5 26. Qd1 g5 27. Qg4 Qf8
28. Ra3 Rc4 29. Rd1 Bg7 30. Rxd5+ Kc8 31. Qxe6+ Kb8 32. Rd8+ Qxd8 33. Bxd8 Re4
34. Qd6+ Ka8 35. Kg1 Bxe5 36. Qd5 Re3 37. Qxg8 1-0

[Event "Open Autunno"]
[Site "Ceriano Laghetto ITA"]
[Date "2006.11.14"]
[Round "2"]
[White "Gallavotti, Eugenio"]
[Black "Colombo, Fabio"]
[Result "0-1"]
[WhiteElo "1715"]
[BlackElo "1793"]
[PlyCount "93"]
[EventDate "2006.11.07"]

1. e4 e5 2. Nf3 Nc6 3. Bb5 a6 4. Ba4 Nf6 5. O-O Be7 6. Bxc6 dxc6 7. Nxe5 Nxe4
8. Re1 Qd4 9. Qe2 Qxe5 10. Qxe4 Qxe4 11. Rxe4 Bf5 12. Rc4 O-O-O 13. d3 Bf6 14.
g4 Be6 15. Ra4 Rhe8 16. g5 Be7 17. Be3 f6 18. h4 Bf7 19. Nd2 Bh5 20. Ne4 h6 21.
Ng3 Bf3 22. gxh6 gxh6 23. Bxh6 Rh8 24. Be3 Rdg8 25. Rf4 Bd5 26. c4 Bd6 27. cxd5
Bxf4 28. Bxf4 Rxh4 29. Be3 f5 30. dxc6 f4 31. cxb7+ Kxb7 32. Bxf4 Rxf4 33. Re1
Rf3 34. d4 Rd3 35. Re4 Rd2 36. b4 Rxa2 37. Kf1 Rb2 38. d5 Rd8 39. Rd4 Kb6 40.
Ne4 Rf8 41. d6 cxd6 42. Rxd6+ Kb5 43. Rd4 Rxb4 44. Rd5+ Kc4 45. Rd6 a5 46. Nd2+
Kc5 47. Ne4+ 0-1

[Event "Open Autunno"]
[Site "Ceriano Laghetto ITA"]
[Date "2006.11.14"]
[Round "2"]
[White "Greco, Umberto"]
[Black "Fock, Giustino"]
[Result "1-0"]
[WhiteElo "1575"]
[BlackElo "1392"]
[PlyCount "89"]
[EventDate "2006.11.07"]

1. d4 d5 2. Nf3 e6 3. c4 Nf6 4. Nc3 c5 5. cxd5 exd5 6. dxc5 Bxc5 7. e3 O-O 8.
Be2 Nc6 9. Nb5 a6 10. Nbd4 Nxd4 11. Nxd4 Qa5+ 12. Bd2 Bb4 13. Bxb4 Qxb4+ 14.
Qd2 Qxd2+ 15. Kxd2 Ne4+ 16. Ke1 f5 17. f3 Nd6 18. Rc1 Re8 19. Kd2 Bd7 20. Rc5
Nc4+ 21. Bxc4 dxc4 22. Rxc4 Re7 23. Rhc1 Bb5 24. Nxb5 axb5 25. Rc8+ Rxc8 26.
Rxc8+ Kf7 27. Rc5 Rd7+ 28. Ke2 g6 29. Rxb5 Rc7 30. Rd5 h5 31. e4 fxe4 32. fxe4
Rc2+ 33. Rd2 Rc7 34. Ke3 Re7 35. Kf4 b5 36. e5 b4 37. h4 Rc7 38. Re2 Re7 39.
Kg5 Kg7 40. e6 Kf8 41. Kxg6 Ke8 42. Kxh5 Rh7+ 43. Kg5 Rg7+ 44. Kh6 Re7 45. g4
1-0

[Event "Open Autunno"]
[Site "Ceriano Laghetto ITA"]
[Date "2006.11.14"]
[Round "2"]
[White "Lapiccirella, Daniele"]
[Black "Basile, Daniele"]
[Result "1-0"]
[WhiteElo "2153"]
[BlackElo "1697"]
[PlyCount "105"]
[EventDate "2006.11.07"]

1. d4 e6 2. c4 d5 3. Nc3 Nf6 4. cxd5 exd5 5. Bg5 c6 6. e3 Bf5 7. Qf3 Be4 8.
Bxf6 Qxf6 9. Nxe4 dxe4 10. Qxe4+ Qe7 11. Qxe7+ Bxe7 12. Bc4 Bb4+ 13. Ke2 Nd7
14. Nf3 Nb6 15. Bb3 f6 16. g4 O-O-O 17. h4 Rhe8 18. g5 Be7 19. Bc2 Rd5 20. Bxh7
fxg5 21. hxg5 Bxg5 22. Nxg5 Rxg5 23. Rhg1 Rxg1 24. Rxg1 Re7 25. Kd3 Nd5 26. a3
Kc7 27. Bg8 Nf6 28. Bb3 Kd6 29. Rg6 c5 30. e4 cxd4 31. f4 Kc5 32. Rg5+ Kc6 33.
e5 Nd5 34. Rg6+ Kc5 35. Bxd5 Kxd5 36. Rd6+ Kc5 37. Rxd4 a5 38. Ke4 b5 39. b4+
axb4 40. axb4+ Kc6 41. Rd6+ Kb7 42. f5 Rc7 43. f6 gxf6 44. exf6 Rc4+ 45. Rd4
Rc1 46. Kf5 Rc7 47. Kg6 Rc6 48. Kg7 Rc3 49. Rg4 Rc4 50. Rxc4 bxc4 51. f7 c3 52.
f8=Q c2 53. Qc5 1-0

[Event "Open Autunno"]
[Site "Ceriano Laghetto ITA"]
[Date "2006.11.14"]
[Round "2"]
[White "Megassini, Stefano"]
[Black "Clerici, Samuele"]
[Result "1-0"]
[WhiteElo "1527"]
[BlackElo "1431"]
[PlyCount "81"]
[EventDate "2006.11.07"]

1. e4 e5 2. Bc4 Nf6 3. d3 c6 4. a3 d5 5. exd5 cxd5 6. Ba2 Bc5 7. Bg5 Bxf2+ 8.
Kxf2 Ng4+ 9. Qxg4 Qb6+ 10. Be3 Qxe3+ 11. Kxe3 Bxg4 12. Bxd5 Nc6 13. Bxc6+ bxc6
14. Nf3 f6 15. Nc3 Rb8 16. Rab1 O-O 17. Ne4 f5 18. Nxe5 fxe4 19. Nxg4 exd3 20.
cxd3 h5 21. Ne5 Rbe8 22. Ke4 Rf2 23. d4 c5 24. Kd3 cxd4 25. Nc6 Rxg2 26. Nxd4
Rd8 27. Kc3 Rc8+ 28. Kb3 Rd8 29. Nb5 Rb8 30. Ka4 Rg6 31. Nc7 Rb7 32. Rhc1 Rg2
33. h3 Rg3 34. Ne6 Rxh3 35. Rc8+ Kf7 36. Ng5+ Ke7 37. Nxh3 Kf6 38. Rf1+ Kg6 39.
Rc6+ Kh7 40. Ng5+ Kg8 41. Rc8# 1-0

[Event "Open Autunno"]
[Site "Ceriano Laghetto ITA"]
[Date "2006.11.14"]
[Round "2"]
[White "Regorda, Massimiliano"]
[Black "Tomasetto, Mauro"]
[Result "1-0"]
[WhiteElo "1862"]
[BlackElo "1641"]
[PlyCount "77"]
[EventDate "2006.11.07"]

1. e4 e6 2. d4 d5 3. Nd2 Be7 4. Ngf3 Nf6 5. e5 Nfd7 6. Bd3 c5 7. c3 Nc6 8. O-O
Qb6 9. dxc5 Nxc5 10. Bc2 a5 11. c4 Nb4 12. cxd5 exd5 13. Bb1 O-O 14. Nb3 Nxb3
15. Qxb3 Be6 16. Be3 Qd8 17. Nd4 a4 18. Qd1 Nc6 19. Nxc6 bxc6 20. Qc2 g6 21.
Qxc6 Qb8 22. Bd4 Qb4 23. Qc3 Qb7 24. Bd3 Bb4 25. Qc1 Rfc8 26. Qe3 Rc6 27. f4
Rac8 28. f5 Bxf5 29. Bxf5 gxf5 30. Rxf5 Bc5 31. Bxc5 Rxc5 32. Qg5+ Kf8 33. e6
R5c7 34. Rxf7+ Rxf7 35. exf7 Qb6+ 36. Kh1 Qxb2 37. Qg8+ Ke7 38. Re1+ Kd7 39.
Qxc8+ 1-0

[Event "Open Autunno"]
[Site "Ceriano Laghetto ITA"]
[Date "2006.11.14"]
[Round "2"]
[White "Ronconi, Fausto"]
[Black "Squillante, Michele"]
[Result "1-0"]
[WhiteElo "1730"]
[BlackElo "1721"]
[PlyCount "117"]
[EventDate "2006.11.07"]

1. c4 Nf6 2. g3 g6 3. Bg2 c6 4. Nf3 Bg7 5. Nc3 O-O 6. O-O d5 7. cxd5 Nxd5 8.
Nxd5 cxd5 9. Rb1 Nc6 10. b3 e6 11. Bb2 Bxb2 12. Rxb2 Qf6 13. d4 Bd7 14. Qd2
Rfc8 15. a3 Rc7 16. Rc2 Rac8 17. Rfc1 Qd8 18. Qf4 Kg7 19. b4 b5 20. Rc5 a6 21.
Ne5 Be8 22. Nxc6 Rxc6 23. Qe5+ f6 24. Qe3 Bd7 25. Rxc6 Rxc6 26. Rc5 a5 27. Qc1
Rxc5 28. Qxc5 axb4 29. Qxb4 Kf7 30. e3 Qc7 31. Bf1 Qc6 32. Qb1 Ke7 33. h4 f5
34. Qb4+ Qd6 35. Be2 Qxb4 36. axb4 Kf6 37. Kg2 h6 38. g4 e5 39. gxf5 gxf5 40.
dxe5+ Kxe5 41. Bd3 f4 42. Kf3 fxe3 43. Kxe3 d4+ 44. Kf3 Bf5 45. Bxb5 Bc2 46.
Ke2 Kf4 47. Bd3 Bb3 48. b5 Bd5 49. b6 Bb7 50. Bg6 Ba6+ 51. Kd2 Ke5 52. Bd3 Bb7
53. Bc4 Kf4 54. Kd3 Kf3 55. Kxd4 Kxf2 56. h5 Kg3 57. Bf7 Kf4 58. Bg6 Kg5 59.
Ke5 1-0

[Event "Open Autunno"]
[Site "Ceriano Laghetto ITA"]
[Date "2006.11.14"]
[Round "2"]
[White "Viale, Fabio"]
[Black "Regorda, Vittorio"]
[Result "0-1"]
[WhiteElo "1688"]
[BlackElo "1885"]
[PlyCount "112"]
[EventDate "2006.11.07"]

1. d4 Nf6 2. c4 g6 3. Nc3 Bg7 4. e4 d6 5. Nf3 O-O 6. Be2 e5 7. O-O Qe8 8. d5 a5
9. Rb1 Na6 10. h3 Bd7 11. Be3 Nh5 12. Ne1 Nf4 13. Bxf4 exf4 14. Nd3 g5 15. Bg4
h6 16. Re1 f6 17. Bxd7 Qxd7 18. Qh5 Nb4 19. Rbd1 Rae8 20. Nxb4 axb4 21. Nb5 f5
22. exf5 Rxe1+ 23. Rxe1 c6 24. f6 Rxf6 25. Nd4 Kh7 26. Ne6 Rg6 27. Qg4 Qe7 28.
b3 Be5 29. Qf5 Bg7 30. Kf1 Qf6 31. Qxf6 Rxf6 32. Nxg7 Kxg7 33. Re7+ Kg6 34.
Rxb7 c5 35. Re7 Rf7 36. Re6+ Rf6 37. Re4 Kf5 38. f3 h5 39. Kf2 h4 40. Ke2 Rf7
41. Re6 Ra7 42. Rxd6 Rxa2+ 43. Kf1 Ra3 44. Rc6 Rxb3 45. Rxc5 Rb1+ 46. Ke2 Rb2+
47. Kf1 Rb1+ 48. Kf2 Rb2+ 49. Kg1 Ke5 50. Rb5 Kd4 51. d6 Kxc4 52. Rxg5 b3 53.
Re5 Rd2 54. Re1 b2 55. Rb1 Kc3 56. d7 Kc2 0-1

[Event "Open Autunno"]
[Site "Ceriano Laghetto ITA"]
[Date "2006.11.21"]
[Round "3"]
[White "Clerici, Samuele"]
[Black "Bertuolo, Sergio"]
[Result "1/2-1/2"]
[WhiteElo "1431"]
[BlackElo "1511"]
[PlyCount "117"]
[EventDate "2006.11.07"]

1. e4 e6 2. d4 d5 3. Nc3 Bb4 4. e5 c5 5. a3 Bxc3+ 6. bxc3 Nc6 7. Nf3 Nge7 8.
Bb2 Qa5 9. Be2 cxd4 10. Nxd4 Nxe5 11. Nb3 Qc7 12. Qd4 Nf5 13. Qc5 Qxc5 14. Nxc5
O-O 15. O-O Nc4 16. Rab1 b6 17. Nb3 Nfd6 18. Bc1 Ba6 19. Re1 Ne4 20. Bxc4 Bxc4
21. Re3 e5 22. a4 f6 23. a5 Rab8 24. f3 Ng5 25. Re1 Ne6 26. axb6 axb6 27. Be3
Bxb3 28. Rxb3 d4 29. cxd4 Nxd4 30. Bxd4 exd4 31. Reb1 Rfc8 32. Rxb6 Rxb6 33.
Rxb6 Rxc2 34. Rd6 Rc4 35. Kf1 Kf7 36. Rd7+ Kg6 37. Ke2 Rc2+ 38. Kf1 Rc4 39. Ke2
f5 40. Kd3 Rb4 41. g4 Rb3+ 42. Kxd4 Rxf3 43. gxf5+ Rxf5 44. Rd6+ Kg5 45. Rd7
Kf6 46. Ke4 Re5+ 47. Kf4 g5+ 48. Kg4 Re4+ 49. Kf3 Rf4+ 50. Kg3 h5 51. Ra7 h4+
52. Kh3 Kg6 53. Ra6+ Kf7 54. Ra7+ Ke6 55. Ra6+ Kd7 56. Ra5 Rf3+ 57. Kg4 Rf2 58.
Rxg5 Rxh2 59. Rh5 1/2-1/2

[Event "Open Autunno"]
[Site "Ceriano Laghetto ITA"]
[Date "2006.11.21"]
[Round "3"]
[White "Colombo, Fabio"]
[Black "Lapiccirella, Daniele"]
[Result "0-1"]
[WhiteElo "1793"]
[BlackElo "2153"]
[PlyCount "94"]
[EventDate "2006.11.07"]

1. e4 c5 2. Nf3 e6 3. b3 b6 4. c4 Bb7 5. Nc3 Nf6 6. d3 d6 7. Bf4 Be7 8. Qc2 O-O
9. Rd1 Qc8 10. d4 cxd4 11. Nxd4 Nxe4 12. Nxe4 e5 13. Bg5 exd4 14. Bd3 Bxg5 15.
Nxg5 Qg4 16. Bxh7+ Kh8 17. Qf5 Re8+ 18. Kd2 Re2+ 19. Kc1 Qxf5 20. Bxf5 Na6 21.
Rxd4 Nb4 22. Rd2 Nxa2+ 23. Kc2 Nb4+ 24. Kd1 Rxd2+ 25. Kxd2 g6 26. Bd7 Kg7 27.
Re1 Bxg2 28. Be8 Kf8 29. Nh7+ Kg7 30. Ng5 Kf6 31. h4 Bc6 32. Bxf7 Bd7 33. Be6
Rd8 34. f3 a5 35. Re4 Bc6 36. Rd4 d5 37. Bg4 Ke5 38. Ne6 Rh8 39. cxd5 Bxd5 40.
f4+ Kf6 41. Nc7 Bxb3 42. Rd6+ Ke7 43. Rxb6 Rxh4 44. Rxg6 Kf7 45. Rg5 a4 46. Kc3
a3 47. Kxb4 47... a2 $138 0-1